000
00305nam a2200133Ia 4500
008
190216s9999||||xx |||||||||||||| ||und||
100
_a
Jhingan M L
245
0
_a
Macroeconomic Theory
250
_a
TWELVETH EDI
260
_b
Vrinda Pub
_c
2013
300
_a
550
650
_a
Macroeconomics
942
_c
BK
999
_c
11258
_d
11258